000 00749nam a2200229 a 4500
999 _c5455
_d5455
001 5455
003 BD-JhCC
005 20171214172514.0
008 171214s1985 bg |||| ||a| 000 0 ben d
020 _a8121904676
035 _a(BD-JhCC)5455
040 _aBD-JhCC
_dBD-JhCC
041 _aben
082 _a020.3
_bRAZ 1985
100 _aরাজ্জাক, মুহম্মদ আবদুর
245 _aগ্রন্থাগার বিজ্ঞান পরিভাষা /
_cমুহম্মদ আবদুর রাজ্জাক
260 _aঢাকা :
_bবাংলা একাডেমী,
_c1985.
300 _a48 p. :
_c21 cm.
650 _aTerminology of Library Science
942 _2ddc
_cBK